01043cam a22002651 4500001001300000003000400013005001700017008004100034010001700075035001900092040004700111042001200158050002500170082001100195100003400206245009000240260002000330300005800350410007000408500016300478504002800641650005000669651002900719710002900748gs 47000128 DLC20260227111352.0780220s1947 nmuab b 000 0 eng c ags 47000128  a(OCoLC)3654132 aU. S. Geol. Survey. Libr.cCCCdOCoLCdDLC apremarc00aTN24.N6bA232 no. 26 a557.891 aBates, Robert Latimer,d1912-00aGeology of the Gran Quivira quadrangle,bNew Mexico,cby Robert L. Bates [and others] aSocorro,c1947. a57 p.billus., maps (part fold., 2 in pocket)c23 cm.10aNew Mexico.bBureau of Mines and Mineral Resources.tBulletinv26 a"Cooperative investigation between the New Mexico Bureau of Mines and Mineral Resources and the Geological Survey, United States, Department of the Interior." aBibliography: p. 48-49. 0aGeologyzNew MexicozGran Quivira quadrangle. 0aGran Quivira quadrangle.2 aGeological Survey (U.S.)